000 00641nam a2200241 a 4500
001 nice12345678
003 IN_TiNIC
005 20260116014204.0
008 140217s2007 newa grp 000 0 eng
020 _a8174353593
_c250
082 0 0 _a291.172
_bAAS
100 _aAasi, Ghulam Haider
245 _aMuslim Understanding of Other Religions
260 _aNew Delhi
_bAdam Publisher and Distributer
_c2007
300 _a231p
500 _aincludes index and biblioraphy
505 2 _abiblio, index
650 _aComparative Religion
700 1 _aAasi, Ghulam Haider
902 _bSRS
942 _cBK
999 _c14243
_d14243